| 000 | 01117nab a22002297a 4500 | ||
|---|---|---|---|
| 005 | 20150724092825.0 | ||
| 008 | 150724b2015 ck |||||r|||| 00| 0spa d | ||
| 040 |
_aCO-BoIAVH _cCO-BoIAVH |
||
| 041 | 0 | _aspa | |
| 044 | _ack | ||
| 100 | 1 |
_aGarcía Marín, María Eulalia _936258 |
|
| 245 | 1 |
_aLa permacultura como aporte a la ética ecológica / _cMaría Eulalia García Marín |
|
| 260 | 3 |
_a: _b, _c2015. |
|
| 300 | _aAño 2015, Nro 1, Enero-Junio, Pág. 82-88. | ||
| 504 | _aIncluye referencias bibliográficas (Pág. 88). | ||
| 520 | _aEl concepto de permacultura fue ideado por Bill Mollison y David Holmgren (1978) y propone una manera de vivir en armonía con la naturaleza, potenciando los recursos y generando excedentes, de la mano de una mentalidad de colaboración y no de competición, desde la que se propone vivir con calidad. | ||
| 650 | 4 |
_aPermacultura _936259 |
|
| 650 | 4 |
_aÉtica de la tierra _936260 |
|
| 650 | 4 |
_aEcología _xÉtica _936261 |
|
| 773 | 0 |
_dCaldas (Antioquia) : Corporación Universitaria Lasallista, 2006- . _o042058 _tProducción más limpia / _x19090455 |
|
| 942 |
_2z _cARTICULO |
||
| 999 |
_c17619 _d17619 |
||